Loading...
| Current Events | 1 | 10.00 | 100% | 0% | 0% |
| Fine Arts - Classical Music | 4 | 27.50 | 100% | 100% | 75% |
| Fine Arts - Other Fine Arts | 2 | 15.00 | 100% | 0% | 50% |
| Geography | 4 | 7.50 | 50% | 25% | 0% |
| History - American History | 5 | 10.00 | 80% | 20% | 0% |
| History - European History | 7 | 7.14 | 43% | 29% | 0% |
| History - Other History | 3 | 10.00 | 67% | 33% | 0% |
| History - World History | 6 | 13.33 | 100% | 17% | 17% |
| Literature - American Literature | 5 | 16.00 | 80% | 80% | 0% |
| Literature - British Literature | 5 | 16.00 | 80% | 80% | 0% |
| Literature - European Literature | 6 | 23.33 | 100% | 83% | 50% |
| Literature - World Literature | 4 | 25.00 | 100% | 100% | 50% |
| Mythology | 3 | 16.67 | 67% | 100% | 0% |
| Painting/Sculpture | 6 | 25.00 | 100% | 83% | 67% |
| Philosophy | 3 | 16.67 | 100% | 67% | 0% |
| Pop Culture | 3 | 6.67 | 67% | 0% | 0% |
| Religion | 5 | 16.00 | 100% | 60% | 0% |
| Science - Biology | 6 | 16.67 | 83% | 83% | 0% |
| Science - Chemistry | 7 | 17.14 | 86% | 57% | 29% |
| Science - Other Science | 8 | 21.25 | 100% | 75% | 38% |
| Science - Physics | 5 | 24.00 | 100% | 100% | 40% |
| Social Science | 2 | 15.00 | 100% | 50% | 0% |